Chapman Library

ACCEPTANCE : Loosing the webs of personal insecurity (Record no. 6790)

000 -LEADER
fixed length control field 00333nam a22001337a 4500
020 ## - INTERNATIONAL STANDARD BOOK NUMBER
ISBN 0-88070-079-3
050 ## - LIBRARY OF CONGRESS CALL NUMBER
Classification number BV 4832.2.B259
100 ## - MAIN ENTRY--AUTHOR NAME
Personal name BAKER,DON
245 ## - TITLE STATEMENT
Title ACCEPTANCE : Loosing the webs of personal insecurity
260 ## - PUBLICATION, DISTRIBUTION, ETC. (IMPRINT)
Place of publication PORTLAND, OREGON
Name of publisher MULTNOMAH PRESS
Year of publication 1985
300 ## - PHYSICAL DESCRIPTION
Number of Pages 123p
650 ## - SUBJECT ADDED ENTRY--TOPICAL TERM
Topical Term meditations
942 ## - ADDED ENTRY ELEMENTS (KOHA)
Koha item type Books
Holdings
Koha item type Collection code Accession Number Permanent Location Current Location Date acquired Full call number
BooksLending9,052Chapman LibraryChapman Library2018-10-25BV 4832.2.B259
BooksLending9,053Chapman LibraryChapman Library2018-10-25BV 4832.2.B259
BooksLending9,054Chapman LibraryChapman Library2018-10-25BV 4832.2.B259


CSUC Chapman Library is a Koha Automated Library.


Contact us: library@csuc.edu.gh.